00644cam a2200181 a 450000500170000001000290001702000260004603500270007203700130009903700190011208200140013124501300014526000360027527000810031130000280039270000210042070000210044120031230185550.0 aENG-101649 B-444882-886 c595.00a9788184000405 aEN-85182 B-444882-886 bDBAD/PUB bAllied Pub/Ven a392.5095410aWedding belles :bhow to make your dream wedding come true /cphotographs by Sephi Bergerson ; illustrated by Heema Sabharwal aNoidabRandom House Indiac2008 aMind Mill Corporate Tower, 2nd Floor, Plot No 24A Sector 16A,bNoidae201301 a285p.:c19cm (pbk)bill aBergerson, Sephi aSabharwal, Heema